Travels in France by Arthur Young during the years 1787, 1788, 1789. (Record no. 553331)
[ view plain ]
| 000 -LEADER | |
|---|---|
| fixed length control field | 00522cam a2200169u 4500 |
| 082 ## - DEWEY DECIMAL CLASSIFICATION NUMBER | |
| Classification number | 914.4 |
| Author Mark | YOU |
| 100 1# - MAIN ENTRY--PERSONAL NAME | |
| Personal name | Young, Arthur, |
| 9 (RLIN) | 50586 |
| 245 10 - TITLE STATEMENT | |
| Title | Travels in France by Arthur Young during the years 1787, 1788, 1789. |
| 250 ## - EDITION STATEMENT | |
| Edition statement | 2d ed. |
| 260 ## - PUBLICATION, DISTRIBUTION, ETC. | |
| Place of publication, distribution, etc. | London, |
| Name of publisher, distributor, etc. | G. Bell and sons, |
| Date of publication, distribution, etc. | 1889. |
| 300 ## - PHYSICAL DESCRIPTION | |
| Extent | lix, 366 p. |
| Other physical details | front. (port.) |
| Dimensions | 19 cm. |
| 526 ## - STUDY PROGRAM INFORMATION NOTE | |
| Program name | 0 |
| Interest level | 0 |
| Reading level | 0 |
| Title point value | 914_400000000000000_YOU |
| 650 #0 - SUBJECT ADDED ENTRY--TOPICAL TERM | |
| Topical term or geographic name entry element | Agriculture |
| Geographic subdivision | France. |
| 9 (RLIN) | 50587 |
| 650 #0 - SUBJECT ADDED ENTRY--TOPICAL TERM | |
| Topical term or geographic name entry element | MCE |
| 9 (RLIN) | 379 |
| 700 1# - ADDED ENTRY--PERSONAL NAME | |
| Personal name | Betham-Edwards, Matilda, |
| 9 (RLIN) | 50588 |
| 942 ## - ADDED ENTRY ELEMENTS (KOHA) | |
| Source of classification or shelving scheme | |
| Koha item type | Book |
| Withdrawn status | Lost status | Source of classification or shelving scheme | Damaged status | Not for loan | Permanent Location | Current Location | Shelving location | Date acquired | Total Checkouts | Full call number | Barcode | Date last seen | Price effective from | Koha item type |
|---|---|---|---|---|---|---|---|---|---|---|---|---|---|---|
| Military College of Engineering (MCE) | Military College of Engineering (MCE) | 02/04/2015 | 914.4 YOU | MCE-ECT /27 | 02/04/2015 | 02/04/2015 | Book |
